[Event "Bundesliga 0405"]
[Site "Germany"]
[Date "2005.03.12"]
[Round "12.6"]
[White "Hertneck, Gerald"]
[Black "Marxen, Peter"]
[Result "1-0"]
[WhiteElo "2552"]
[BlackElo "2212"]
[PlyCount "78"]
[EventDate "2004.11.12"]
[EventType "team-tourn"]
[EventRounds "15"]
[EventCountry "GER"]
[SourceTitle "CBM 106"]
[Source "ChessBase"]
[SourceDate "2005.06.06"]
[SourceVersion "1"]
[SourceVersionDate "2005.06.06"]
[SourceQuality "1"]
[WhiteTeam "Tegernsee"]
[BlackTeam "Preetz"]
[WhiteTeamCountry "GER"]
[BlackTeamCountry "GER"]

1. d4 Nf6 2. c4 g6 3. Nc3 Bg7 4. e4 d6 5. Be2 0-0 6. Bg5 c5 7. d5 a6 8. a4 Qa5 9. Kf1 e6 10. Nf3 exd5 11. cxd5 Bg4 12. Bf4 Ne8 13. Qc1 Nd7 14. Bh6 Ne5 15. Nxe5 Bxe2+ 16. Nxe2 dxe5 17. h4 f6 18. Bd2 Qc7 19. h5 Nd6 20. Ng3 Rfc8 21. f4 Qe7 22. fxe5 Qxe5 23. Bf4 Qe7 24. Qc2 b5 25. axb5 Nxb5 26. hxg6 hxg6 27. Ra4 Nd6 28. Qe2 c4 29. Kf2 c3 30. b3 c2 31. Rc1 Qa7+ 32. Kf1 Qb6 33. Qd3 Qb5 34. Ke2 Qd7 35. Kd2 Nf7 36. Ne2 Qg4 37. Qh3 Qxh3 38. gxh3 g5 39. Bg3 Nh6 1-0